000 00619nam a2200229 i 4500
001 C2-0077666
003 PPAK
005 20200904061254.0
008 970429s1988 enka|||| ||||| | eng d
040 _aPPAK
_beng
_cPPAK
_erda
082 0 4 _a746.432
_223
090 0 0 _a746.432
_bKNI
_dR
090 2 0 _a746.432
_bKNI
_dG
245 0 0 _aKnitting for all the family
264 1 _aLondon :
_bConran Octopus ,
_c1988
300 _a192 pages :
_billustrations ;
_c28 cm
336 _2rdacontent
_atext
337 _2rdamedia
_aunmediated
338 _2rdacarrier
_avolume
650 1 0 _aKnitting - Patterns
942 _cB
_2ddc
999 _c12614
_d12614